000 00417nam a2200181Ia 4500
001 7363
005 20260306160450.0
008 260306t2006||||xx |||||||||||||| ||spa||
041 _aESP
082 _a338.642
_bY79
100 _aYpeij, Annelou
_eAUT
245 0 _aProduciendo contra la pobreza
260 _c2006
300 _a272 páginas :
_ccm.
650 _aGEN
654 _aCAN
942 _cLIB
_dJUS
_fJUS
_2ddc
_n
999 _c7363
_d7363